期刊信息 |
| 索取号 |
I1/WGJY
|
| 题名 |
外国教育
|
| 作者 |
北京师范大学外国教育研究所
|
| 分册号 |
|
| 分册名 |
|
| 出版地 |
北京
|
| 出版者 |
北京师范大学出版社
|
| 标准刊号 |
|
| 出版频率 |
双月刊
|
| 中图法分类 |
I1
|
| 主题词 |
文学 世界
|
| 电子资源 | |
| |
|
| 000 | 00601nas0 2200193 45 | |
| 001 | 0733706641 | |
| 005 | 2007091009214664 | |
| 011 | @d¥7.68 | |
| 100 | @a20070910d km y0chiy0120 ea | |
| 101 | 0 | @achi |
| 110 | @aagaz 0xx0 | |
| 200 | 1 | @a外国教育@AWai Guo Jiao Yu@f北京师范大学外国教育研究所@FBei Jing Shi Fan Da Xue Wai Guo Jiao Yu Yan Jiu Suo |
| 210 | @a北京@c北京师范大学出版社 | |
| 326 | @a双月刊 | |
| 606 | 0 | @a文学@x世界 |
| 690 | @aI1@v4 | |
| 711 | 02 | @a北京师范大学外国教育研究所@ABei Jing Shi Fan Da Xue Wai Guo Jiao Yu Yan Jiu Suo |
| 801 | 0 | @aCN@bPFT@c20070910 |
| 905 | @a213230@dI1@eWGJY | |
| 外国教育/北京师范大学外国教育研究所.-北京:北京师范大学出版社 |
| ¥7.68 |
| ● |
| 相关链接: |
|
|
|
|